<?xml version="1.0" encoding="UTF-8"?>
<record
    xmlns:xsi="http://www.w3.org/2001/XMLSchema-instance"
    xsi:schemaLocation="http://www.loc.gov/MARC21/slim http://www.loc.gov/standards/marcxml/schema/MARC21slim.xsd"
    xmlns="http://www.loc.gov/MARC21/slim">

  <leader>00559nam a22001577a 4500</leader>
  <datafield tag="999" ind1=" " ind2=" ">
    <subfield code="c">60730</subfield>
    <subfield code="d">60730</subfield>
  </datafield>
  <controlfield tag="005">20231016112403.0</controlfield>
  <controlfield tag="008">231016s1985    ru ||||| |||| 00| 0 rus d</controlfield>
  <datafield tag="041" ind1=" " ind2=" ">
    <subfield code="a">rus</subfield>
  </datafield>
  <datafield tag="080" ind1=" " ind2=" ">
    <subfield code="a">72(082.1) K-82</subfield>
  </datafield>
  <datafield tag="100" ind1=" " ind2=" ">
    <subfield code="a">&#x41A;&#x440;&#x438;&#x432;&#x447;&#x435;&#x43D;&#x43A;&#x43E;, &#x412;.&#x418;.</subfield>
    <subfield code="9">20084</subfield>
  </datafield>
  <datafield tag="245" ind1=" " ind2=" ">
    <subfield code="a">&#x41F;&#x43E;&#x43C;&#x43F;&#x435;&#x438;. &#x413;&#x435;&#x440;&#x43A;&#x443;&#x43B;&#x430;&#x43D;&#x443;&#x43C;. &#x421;&#x442;&#x430;&#x431;&#x438;&#x438; /</subfield>
    <subfield code="c">&#x412;.&#x418;. &#x41A;&#x440;&#x438;&#x432;&#x447;&#x435;&#x43D;&#x43A;&#x43E;.</subfield>
  </datafield>
  <datafield tag="264" ind1=" " ind2=" ">
    <subfield code="a">&#x41C;&#x43E;&#x441;&#x43A;&#x432;&#x430; :</subfield>
    <subfield code="b">&#x418;&#x441;&#x43A;&#x443;&#x441;&#x441;&#x442;&#x432;&#x43E;,</subfield>
    <subfield code="c">1985.</subfield>
  </datafield>
  <datafield tag="300" ind1=" " ind2=" ">
    <subfield code="a">224 &#x441;&#x442;&#x440;.:</subfield>
    <subfield code="b">&#x438;&#x43B;&#x43B;.;</subfield>
    <subfield code="c">17 cm.</subfield>
  </datafield>
  <datafield tag="653" ind1=" " ind2=" ">
    <subfield code="a">&#x10DE;&#x10DD;&#x10DB;&#x10DE;&#x10D4;&#x10D8;. &#x10F0;&#x10D4;&#x10E0;&#x10D9;&#x10E3;&#x10DA;&#x10D0;&#x10DC;&#x10D4;&#x10E3;&#x10DB;&#x10D8;. &#x10E1;&#x10E2;&#x10D0;&#x10D1;&#x10D8;&#x10D0;&#x10D4;</subfield>
  </datafield>
  <datafield tag="942" ind1=" " ind2=" ">
    <subfield code="2">udc</subfield>
    <subfield code="c">BK</subfield>
  </datafield>
  <datafield tag="952" ind1=" " ind2=" ">
    <subfield code="0">0</subfield>
    <subfield code="1">0</subfield>
    <subfield code="2">udc</subfield>
    <subfield code="4">0</subfield>
    <subfield code="6">720821_K82</subfield>
    <subfield code="7">0</subfield>
    <subfield code="9">96064</subfield>
    <subfield code="a">CPL</subfield>
    <subfield code="b">CPL</subfield>
    <subfield code="c">GEN</subfield>
    <subfield code="d">2023-10-16</subfield>
    <subfield code="g">5.00</subfield>
    <subfield code="o">72(082.1) K-82</subfield>
    <subfield code="p">65307</subfield>
    <subfield code="r">2023-10-16</subfield>
    <subfield code="t">65307</subfield>
    <subfield code="u">&#x10D1;&#x10E1;&#x10E3;-&#x10E1; &#x10E1;&#x10D0;&#x10DE;&#x10D0;&#x10E2;&#x10D8;&#x10DD; &#x10D3;&#x10DD;&#x10E5;&#x10E2;&#x10DD;&#x10E0;&#x10D8;&#x10E1; &#x10D2;&#x10E3;&#x10E0;&#x10D0;&#x10DB; &#x10DA;&#x10DD;&#x10E0;&#x10D7;&#x10E5;&#x10D8;&#x10E4;&#x10D0;&#x10DC;&#x10D8;&#x10EB;&#x10D8;&#x10E1; &#x10E1;&#x10D0;&#x10E9;&#x10E3;&#x10E5;&#x10D0;&#x10E0;&#x10D8;</subfield>
    <subfield code="w">2023-10-16</subfield>
    <subfield code="y">BK</subfield>
    <subfield code="z">5 &#x10DA;.</subfield>
  </datafield>
</record>
